Local government and taxation in the United Kingdom (Record no. 157907)

MARC details
000 -LEADER
campo de control de longitud fija 00666nam a22001695i 4500
001 - NÚMERO DE CONTROL
campo de control 157907
003 - IDENTIFICADOR DE NÚMERO DE CONTROL
campo de control ES-MaACL
005 - FECHA Y HORA DE LA ÚLTIMA TRANSACCIÓN
campo de control 20230906210911.0
008 - DATOS DE LONGITUD FIJA--INFORMACIÓN GENERAL
campo de control de longitud fija 040708s1882 xxk |||| | eng d
040 ## - FUENTE DE CATALOGACIÓN
Centro catalogador/agencia de origen CAM
Lengua de catalogación spa
Centro/agencia transcriptor CAM
245 00 - MENCIÓN DEL TÍTULO
Título Local government and taxation in the United Kingdom
Resto del título : a series of essays published under the sanction of the Cobden Club /
Mención de responsabilidad, etc. edited by J.W. Probyn.
260 ## - PUBLICACIÓN, DISTRIBUCIÓN, ETC.
Lugar de publicación, distribución, etc. London :
Nombre del editor, distribuidor, etc. Paris ;
Lugar de publicación, distribución, etc. New York :
Nombre del editor, distribuidor, etc. Cassell Petter, Galpin & co.,
Fecha de publicación, distribución, etc. 1882.
300 ## - DESCRIPCIÓN FÍSICA
Extensión VI, 520 p. ;
Dimensiones 18 cm.
700 1# - ENTRADA AGREGADA--NOMBRE PERSONAL
Nombre de persona Probyn, J.W.
9 (RLIN) 131381
710 2# - ENTRADA AGREGADA--NOMBRE DE ENTIDAD CORPORATIVA
Nombre de entidad corporativa o nombre de jurisdicción como elemento de entrada Cobden Club (London, England)
9 (RLIN) 2870
852 ## - LOCALIZACIÓN
Ubicación ES-MaACL
Número de control de estantería C-3878
Nota libre -- Enc. tela
-- -- Sello del Cobden Club
Holdings
Estatus retirado Estado de pérdida Estado de daño No para préstamo Colección Biblioteca de origen Biblioteca actual Ubicación en estantería Fecha de adquisición Fuente de adquisición Total de préstamos Signatura topográfica completa Código de barras Visto por última vez Precio de reemplazo Tipo de ítem Koha
        Libros del s. XIX Biblioteca del Ateneo de Madrid Biblioteca del Ateneo de Madrid Sala Palomar 17/01/2008     C-3878 1165259 23/02/2023 23/02/2023 Libro impreso antiguo